000 06184cam a22018854i 4500
003 PE-LiUPU
005 20250813165834.0
008 150706s2011 ck a r 000 0 spa d
020 _a9588675456
020 _a9789588675459
035 _a(Sirsi) i9789588675459
040 _aPE-LiUPU
_bspa
_cPE-LiUPU
_dPE-LiUPU
_erda
049 _aPRUA
082 0 4 _a657.121
_bP41
_221
082 0 4 _a657.121
_bP19 2011
_221
100 1 _aPallerola Comamala, Joan,
_eautor.
245 1 0 _aAplicaciones contables con microsoft excel :
_bdesde el coste amortizado a las ventajas fiscales de leasing /
_cJoan Pallerola Comamala.
264 1 _aBogotá :
_bEdiciones de la U,
_c2011.
300 _a227 páginas :
_bilustraciones ;
_c24 centímetros.
336 _atext
_2rdacontent
337 _aunmediated
_2rdamedia
338 _avolume
_2rdacarrier
490 0 _aContabilidad
505 0 _aEl coste amortizado -- Normativa del PG C -- Cálculo del interés efectivo -- Resolución mediante la hoja de cálculo, utilizando una macro -- El Balance de situación y la cuenta de pérdidas y ganancias -- Normativa del PG C -- Estructura del balance -- Estructura de cuenta de pérdidas y ganancias -- Construcción de la hoja de Excel -- Construcción de la Macro -- Construcción de más macros de caracter selectivo -- Macros complementarias -- Información auxiliar -- Cálculo de las amortizaciones -- Normativa legal -- La consecuencia en la cuenta de pérdidas y ganancias -- La mecánica de cálculo y construcción de la tabla de amortización en cada caso -- La utilización de la hoja de cálculo -- Las macros de la hoja -- Balances de comprobación. -Normativa legal -- La base de datos contable -- La hoja de cálculo Excel -- Las macros -- Más macros complementarias -- Tratamiento de un diario de contaplus -- Asientos automatizados -- Normativa del PG C -- El asiento -- La automatización del Excel -- Las funciones utilizadas -- Ventajas fiscales del Leasing. -El impuesto de sociedades -- El cálculo manual -- El cálculo con la hoja Excel -- Libertad de amortización -- La normativa legal -- Cálculo y conveniencia -- Cálculo mediante la hoja Excel.
526 _aP203
526 _aP200
526 _aSEG65
526 _aSEG64
526 _aSEG63
526 _aSEG62
526 _aSEG61
526 _aSEG60
526 _aSEG59
526 _aSEG58
526 _aSEG57
526 _aSEG56
526 _aSEG55
526 _aSEG54
526 _aSEG53
526 _aSEG52
526 _aSEG51
526 _aSEG50
526 _aSEG49
526 _aSEG48
526 _aSEG47
526 _aSEG46
526 _aSEG24
526 _aSEG23
526 _aSEG22
526 _aSEG21
526 _aSEG20
526 _aSEG19
526 _aSEG18
526 _aSEG17
526 _aSEG16
526 _aSEG14
526 _aSEG13
526 _aSEG12
526 _aSEG11
526 _aSEG10
526 _aSEG09
526 _aSEG06
526 _aSEG05
526 _aSEG04
526 _aSEG03
526 _aSEG02
526 _aSEG68
526 _aSEG66
526 _aSEG45
526 _aSEG25
526 _aSEG01
526 _aP163
526 _aP162
526 _aP161
526 _aP160
526 _aP159
526 _aP158
526 _aP157
526 _aP156
526 _aP155
526 _aP154
526 _aP153
526 _aP152
526 _aP151
526 _aP150
526 _aP149
526 _aP142
526 _aP141
526 _aP140
526 _aP139
526 _aP138
526 _aP137
526 _aP132
526 _aP131
526 _aP130
526 _aP126
526 _aP125
526 _aP124
526 _aP123
526 _aP115
526 _aP122
526 _aP121
526 _aP116
526 _a P114
526 _aP112
526 _aP111
526 _aP104
526 _aP103
526 _aP102
526 _aP101
526 _aP100
526 _aP96
526 _aP95
526 _aP93
526 _aP92
526 _aP91
526 _aP88
526 _aP83
526 _aP82
526 _aP79
526 _aP78
526 _aP75
526 _aP74
526 _aP71
526 _aP69
526 _a P51
526 _aP49
526 _aP48
526 _aP47
526 _aP33
526 _aP31
526 _a P30
526 _aP29
526 _aP27
526 _aP26
526 _aP25
526 _aP24
526 _a P22
526 _aP10
526 _aP09
526 _a P08
526 _aP06
526 _aP05
526 _aP04
526 _aP01
541 _g001-00033881;
630 0 4 _aMicrosoft Excel (Archivo de ordenador)
_2embne.
650 1 4 _aContabilidad
_xProceso de datos
_2embne
910 _agl
_bjv
_clch
_d20111116
942 _2ddc
_cBOOK
949 _a657.121 P41
_wDEWEY
_c1
_i63973
_lCCODEBUL1
_mBUL
_p24.00
_r0
_sY
_tBOOK
_u2015-7-6
_xFCE
_PP08
_o.STAFF. Colección Ciencias Empresariales
949 _a657.121 P19 2011
_wDEWEY
_c1
_iFJ10004
_lCCODEBUJ1
_mBUJ
_p30.00
_r0
_sY
_tBOOK
_u2015-7-6
_xFCE
_PP08
_0COMPRA
_o.STAFF. Colección General Juliaca
949 _a657.121 P19 2011
_wDEWEY
_c2
_iFJ10005
_lCCODEBUJ1
_mBUJ
_p30.00
_r0
_sY
_tBOOK
_u2015-7-6
_xFCE
_PP08
_0COMPRA
_o.STAFF. Colección General Juliaca
994 _aC0
_bPEPRU
596 _a1 3
999 _a657.121 P41
_wDEWEY
_c52822
_i63973
_d52822
_e2016-6-15
_f2021-11-5
_g6
_lCCODEBUL1
_mBUL
_n1
_p24.00
_r0
_sY
_tBOOK
_u2015-7-6
_xFCE
_zP08
_0COMPRA
_o.STAFF. Colección Ciencias Empresariales
999 _a657.121 P19 2011
_wDEWEY
_c1
_iFJ10004
_d2018-11-15
_e2018-11-13
_f2022-1-31
_g3
_lCCODEBUJ1
_mBUJ
_n1
_p30.00
_q1
_r0
_sY
_tBOOK
_u2015-12-11
_xFCE
_PP08
_0COMPRA
_o.STAFF. Colección General Juliaca
999 _a657.121 P19 2011
_wDEWEY
_c2
_iFJ10005
_d2019-8-27
_e2019-8-13
_f2022-1-31
_g4
_lCCODEBUJ1
_mBUJ
_n1
_p30.00
_q2
_r0
_sY
_tBOOK
_u2018-1-31
_xFCE
_PP08
_0COMPRA
_o.STAFF. Colección General Juliaca
980 _81
_gALBERTO SANCHEZ Responsable de Automatización